| Tag |
First Indicator |
Second Indicator |
Subfields |
| LEADER |
00000cas a2200000 a 4500 |
| 001 |
in00000086566 |
| 005 |
20151008064554.0 |
| 008 |
780824c19769999txuar1 s0uuua0eng d |
| 010 |
|
|
|a 81646428
|z sc 80001757
|
| 012 |
|
|
|a 2
|b 3
|
| 022 |
0 |
|
|a 0273-2424
|
| 035 |
|
|
|a (OCoLC)04164222
|
| 035 |
|
|
|9 AAK4426AM
|
| 037 |
|
|
|b Midwestern State University, Wichita Falls, TX 76308
|
| 040 |
|
|
|a IKM
|c IKM
|d OCL
|d DLC
|d m.c.
|d NSD
|d DLC
|d NSD
|d NST
|d DLC
|d NST
|d TXA
|d UtOrBLW
|
| 042 |
|
|
|a lc
|a nsdp
|
| 043 |
|
|
|a n-us-tx
|
| 049 |
|
|
|a TXAE
|
| 050 |
0 |
0 |
|a AS36.M58
|b A3
|
| 222 |
|
0 |
|a Faculty papers of Midwestern State University
|
| 245 |
0 |
0 |
|a Faculty papers of Midwestern State University.
|
| 246 |
1 |
4 |
|a Faculty papers, Midwestern State University
|
| 264 |
|
1 |
|a Wichita Falls, Tex. :
|b Midwestern State University,
|c 1976-
|
| 300 |
|
|
|a volumes :
|b illustrations ;
|c 23 cm.
|
| 310 |
|
|
|a Annual
|
| 336 |
|
|
|a text
|b txt
|2 rdacontent
|
| 337 |
|
|
|a unmediated
|b n
|2 rdamedia
|
| 338 |
|
|
|a volume
|b nc
|2 rdacarrier
|
| 362 |
0 |
|
|a Ser. 2, v. 2 (1975-1976)-ser. 2, v. 10 (1984-1985); ser. 3, v. 11 (1986-1991)-
|
| 500 |
|
|
|a "Papers presented at the faculty forum."
|
| 610 |
2 |
0 |
|a Midwestern State University (Wichita Falls, Texas)
|x Bibliography.
|
| 710 |
2 |
|
|a Midwestern State University (Wichita Falls, Tex.)
|
| 780 |
0 |
0 |
|a Midwestern University (Wichita Falls, Tex.)
|t Faculty papers of Midwestern University
|x 0544-0971
|w (DLC) 76645112
|
| 999 |
|
|
|a MARS
|
| 999 |
f |
f |
|s 6b49f9b7-2198-3ed3-904e-604719973f1d
|i b1c02f02-83ff-3e01-9747-169660646ccc
|t 0
|
| 952 |
f |
f |
|p ric
|a Texas A&M University
|b Rellis Campus
|c Joint Library Facility
|d Remote Storage
|t 0
|e AS36.M58 A3
|h Library of Congress classification
|i unmediated -- volume
|k ser.2:v.7
|l 1980/1981
|m A14808175408
|
| 952 |
f |
f |
|p ric
|a Texas A&M University
|b Rellis Campus
|c Joint Library Facility
|d Remote Storage
|t 0
|e AS36.M58 A3
|h Library of Congress classification
|i unmediated -- volume
|k ser.2:v.3
|l 1976/1977
|m A14809073683
|
| 952 |
f |
f |
|p ric
|a Texas A&M University
|b Rellis Campus
|c Joint Library Facility
|d Remote Storage
|t 0
|e AS36.M58 A3
|h Library of Congress classification
|i unmediated -- volume
|k ser.2:v.4
|l 1977/1978
|m A14818007330
|
| 952 |
f |
f |
|p ric
|a Texas A&M University
|b Rellis Campus
|c Joint Library Facility
|d Remote Storage
|t 0
|e AS36.M58 A3
|h Library of Congress classification
|i unmediated -- volume
|k ser.2:v.2
|l 1975/1976
|m A14850631210
|
| 952 |
f |
f |
|p ric
|a Texas A&M University
|b Rellis Campus
|c Joint Library Facility
|d Remote Storage
|t 0
|e AS36.M58 A3
|h Library of Congress classification
|i unmediated -- volume
|k ser.3:v.12
|l 1992/1994
|m A14850326928
|
| 952 |
f |
f |
|p ric
|a Texas A&M University
|b Rellis Campus
|c Joint Library Facility
|d Remote Storage
|t 0
|e AS36.M58 A3
|h Library of Congress classification
|i unmediated -- volume
|k ser.2:v.8
|l 1981/1983
|m A14808421011
|
| 952 |
f |
f |
|p ric
|a Texas A&M University
|b Rellis Campus
|c Joint Library Facility
|d Remote Storage
|t 0
|e AS36.M58 A3
|h Library of Congress classification
|i unmediated -- volume
|k ser.2:v.6
|l 1979/1980
|m A14818007437
|
| 952 |
f |
f |
|p ric
|a Texas A&M University
|b Rellis Campus
|c Joint Library Facility
|d Remote Storage
|t 0
|e AS36.M58 A3
|h Library of Congress classification
|i unmediated -- volume
|k ser.3:v.15
|l 2001/2003
|m A14833696413
|
| 952 |
f |
f |
|p ric
|a Texas A&M University
|b Rellis Campus
|c Joint Library Facility
|d Remote Storage
|t 0
|e AS36.M58 A3
|h Library of Congress classification
|i unmediated -- volume
|k ser.3:v.13
|l 1995/1997
|m A14823849462
|
| 952 |
f |
f |
|p ric
|a Texas A&M University
|b Rellis Campus
|c Joint Library Facility
|d Remote Storage
|t 0
|e AS36.M58 A3
|h Library of Congress classification
|i unmediated -- volume
|k ser.2:v.5
|l 1978/1979
|m A14818007380
|
| 952 |
f |
f |
|p ric
|a Texas A&M University
|b Rellis Campus
|c Joint Library Facility
|d Remote Storage
|t 0
|e AS36.M58 A3
|h Library of Congress classification
|i unmediated -- volume
|k ser.3:v.11
|l 1986/1991
|m A14816578987
|
| 952 |
f |
f |
|p ric
|a Texas A&M University
|b Rellis Campus
|c Joint Library Facility
|d Remote Storage
|t 0
|e AS36.M58 A3
|h Library of Congress classification
|i unmediated -- volume
|k ser.2:v.10
|l 1984/1985
|m A14809938540
|
| 952 |
f |
f |
|p ric
|a Texas A&M University
|b Rellis Campus
|c Joint Library Facility
|d Remote Storage
|t 0
|e AS36.M58 A3
|h Library of Congress classification
|i unmediated -- volume
|k ser.3:v.14
|l 1997/2000
|m A14828642700
|
| 998 |
f |
f |
|a AS36.M58 A3
|s ser.3:v.11-15 (1986/1991-2001/2003)
|t 0
|l Remote Storage
|